O jovem futebolista (Registo nº 4343)

Detalhes MARC
000 -Etiqueta do registo
Cabeçalho 00780cam a2200277 4500
005 - Identificador da versão
Campo de controlo 20240813122058.0
095 ## -
-- PTBN00688603
010 ## - Número internacional normalizado dos livros (ISBN)
Número (ISBN) 9722611437
100 ## - Dados gerais de processamento
Dados gerais de processamento 19950206d1994 a y0pory5003 ba
102 ## - Pais de publicação ou produção
País de publicação Portugal
101 1# - Língua de publicação
Língua do texto, banda sonora, etc. Português
Língua do documento no original Inglês
106 ## - Campo de dados codificados: material textual
Dados codificados do material textual r
105 ## - Campo de dados codificados: livros
Dados codificados dos livros a z 001yy
215 ## - Descrição física 
Indicação específica da natureza do documento e extensão da espécie 32 p.
Outras indicações físicas muito il.
Dimensões 29 cm
200 1# - Titulo e menção de responsabilidade
Título próprio O jovem futebolista
Primeira menção de responsabilidade Gary Lineker
Outras menções de responsabilidade trad. Maria Alice Moura Bessa
-- fot. John Garrett
210 ## - Publicação, Distribuição, etc. 
Lugar da edição, distribuição, etc. Porto
Nome do editor, distribuidor, etc. Civilização
Data da publicação, distribuição, etc. imp. 1994
675 ## - Classificação Decimal Universal (CDU)
Notação 087.5
Edição BN
Língua da edição por
Notação 796.33-053.6
Edição BN
Língua da edição por
702 #1 - Nome de autor-pessoa física (responsabilidade secundária)
Número de registo de entrada de autoridade 0000540
Palavra de ordem Bessa
Outra parte do nome não tomada para palavra de ordem Maria Alice Moura
Código de função Tradutor
Número de registo de entrada de autoridade 0001132
Palavra de ordem Garrett
Outra parte do nome não tomada para palavra de ordem John
Código de função Fotógrafo
700 #1 - Nome de autor-pessoa física (responsabilidade principal)
Número de registo de entrada de autoridade 0001131
Palavra de ordem Lineker
Outra parte do nome não tomada para palavra de ordem Gary
942 ## - Elementos de entrada adicionados (Koha)
Tipo de item no Koha Livro
Exemplares
Situação do levantamento Origin of item (home branch) (coded) Biblioteca de empréstimo Código de barras Cota Circulation type (not for loan) Tipo de documento Nota do exemplar Damaged status
  Biblioteca Escolar das Vendas Biblioteca Escolar das Vendas BEV802 7DES LIN   Livro Sem mensagem